000
00325nam a2200157Ia 4500
100
_a
Nair/Gopinathan
650
_a
General
942
_c
BK
654
_a
mind management
245
_a
Complete Mind Management guide
260
_b
Jaico
_c
2001
082
_a
158
_b
NAI
300
_a
221
546
_a
ENGLISH
999
_c
32305
_d
32305